Un camino para todos
Este libro se puede interpretar como una novela, destinado para todos los maestros de Colombia, donde se narra la historia de la maestra rural Alicia Trespalacios quien durante 19 años ejerció el magisterio en la provincia de Villa Hermosa.
Uloženo v:
| Hlavní autor: | |
|---|---|
| Médium: | Kniha |
| Jazyk: | Spanish |
| Vydáno: |
Bogotá:
Editora Dosmil,
1976
|
| Edice: | Biblioteca del campesino. Colección letras;
No. 74 |
| Témata: | |
| On-line přístup: | Enlace del recurso |
| Tagy: |
Přidat tag
Žádné tagy, Buďte první, kdo vytvoří štítek k tomuto záznamu!
|
MARC
| LEADER | 00000nam a2200000 a 4500 | ||
|---|---|---|---|
| 001 | 001196 | ||
| 008 | 031007s1976 ck a fr# #000|0#spa#d | ||
| 041 | 0 | |a spa | |
| 043 | |a s-ck--- | ||
| 082 | 0 | 4 | |a 370.19346 |b L525c |
| 100 | 1 | |a Lobo Serna, Ciro Alfonso | |
| 245 | 1 | 3 | |a Un camino para todos |c Ciro Alfonso Lobo Serna |
| 260 | |a Bogotá: |b Editora Dosmil, |c 1976 | ||
| 300 | |a 127 p.: |b il. | ||
| 440 | 0 | |a Biblioteca del campesino. Colección letras; |v No. 74 | |
| 520 | 3 | |a Este libro se puede interpretar como una novela, destinado para todos los maestros de Colombia, donde se narra la historia de la maestra rural Alicia Trespalacios quien durante 19 años ejerció el magisterio en la provincia de Villa Hermosa. | |
| 650 | 1 | 4 | |a ESCUELAS RURALES |z COLOMBIA |
| 650 | 1 | 4 | |a EDUCACIÓN RURAL |
| 999 | |c 3348 |d 3348 | ||
| 856 | |u https://catalogo.idep.edu.co/cgi-bin/koha/opac-detail.pl?biblionumber=3348 |z Enlace del recurso | ||